| 000 | 00561nam a22001937a 4500 | ||
|---|---|---|---|
| 005 | 20151105094637.0 | ||
| 008 | 151105b agu||||| |||| 00| 0 spa d | ||
| 020 | _a9789505188444 | ||
| 050 | 4 |
_aLB 1025.3 _bD53 2009 |
|
| 100 | 1 | _aDíaz Barriga, Angel | |
| 245 | 1 | 0 | _aPensar la didactica / |
| 250 | _a1a ed. | ||
| 260 |
_aBuenos Aires : _bAmorrortu , _c2009. |
||
| 300 |
_a173 p. ; _c22cm. |
||
| 490 | 0 | _aAgenda educativa ; | |
| 504 | _aIncluye bibliografía e índice | ||
| 650 | 4 |
_aEducación _xEstudio y enseñanza _xPedagogía |
|
| 942 |
_2lcc _cLIB |
||
| 999 |
_c107501 _d107501 |
||